Uso consuntivo en explotaciones del valle bonaerense del Río Colorado /

Guardado en:
Autor Principal: Luque, Jorge Alfredo.
Formato: Libro
Idioma:Spanish
Publicado: Bahía Blanca : Instituto de Edafología e Hidrología, 1966.
Series:Publicaciones del Instituto de Edafología e Hidrología ; nº 8
Etiquetas: Agregar Etiqueta
Sin Etiquetas, Sea el primero en etiquetar este registro!
LEADER 00573nam a22001455a 4500
001 EEA.libagro001970
008 130809s1966####ag#a##########000#0#spa#d
005 20191028114025.0
245 1 0 |a Uso consuntivo en explotaciones del valle bonaerense del Río Colorado /  |c Jorge A. Luque. 
260 |a Bahía Blanca :  |b Instituto de Edafología e Hidrología,  |c 1966. 
300 |a 24 p. :  |b il. ;  |c 23 cm. 
490 1 |a Publicaciones del Instituto de Edafología e Hidrología ;  |v nº 8 
100 1 |a Luque, Jorge Alfredo. 
082 0 4 |a 631.7 
859 |a AR-BbBCA  |b BIB. AGRONOMIA  |h 631.7  |i L966-14  |p 1974/0072